000 00299nam a22001337a 4500
008 170712b xxu||||| |||| 00| 0 eng d
020 _a0816118094
041 _aeng
080 _a030
100 _a23
101 _aENC
245 _aENCYCLOPEDIA OF WORLD CULTURE
_cHAYS.T.E
942 _2udc
_cBK
999 _c20264
_d20264